[Event "World Seniors"]
[Site "Condino ITA"]
[Date "2009.10.27"]
[Round "1"]
[White "Gutman,L"]
[Black "Profaizer,G"]
[Result "1-0"]
[WhiteElo "2457"]
[BlackElo "2068"]

1.Nf3 d5 2.g3 Nf6 3.Bg2 c6 4.O-O e6 5.b3 Nbd7 6.Bb2 Be7 7.d3 O-O 8.Nbd2 Qc7
9.c4 e5 10.cxd5 cxd5 11.Rc1 Qd6 12.Qc2 Re8 13.e4 d4 14.Nc4 Qb8 15.a4 Bb4
16.Ba3 Bxa3 17.Nxa3 a6 18.Qc7 b5 19.axb5 axb5 20.Qxb8 Rxb8 21.Rc7 Rd8 22.Rfc1 Ne8
23.Ra7 f6 24.b4 Bb7 25.Bh3 Kf8 26.Nd2 Nd6 27.Rc7 Ke8 28.Nb3 Bc8 29.Na5 Nb6
30.Rxg7  1-0

[Event "World Seniors"]
[Site "Condino ITA"]
[Date "2009.10.28"]
[Round "2"]
[White "Cernea,R"]
[Black "Grinberg,I"]
[Result "0-1"]
[WhiteElo "2064"]
[BlackElo "2282"]

1.Nf3 d5 2.g3 c5 3.c4 d4 4.b4 cxb4 5.e3 Nc6 6.Bb2 e5 7.Bg2 Nf6 8.O-O Be7
9.a3 O-O 10.axb4 Bxb4 11.Na3 Bf5 12.Re1 dxe3 13.fxe3 Bg4 14.Qb3 Qb6 15.Bc3 Bxc3
16.Qxc3 Bxf3 17.Bxf3 e4 18.Bg2 a6 19.Rab1 Qc7 20.Rf1 Rad8 21.Rf4 Ne5 22.Rf5 Ng6
23.Nc2 Rd3 24.Qb4 b5 25.Rc5 Qd6 26.cxb5 a5 27.Qc4 Ne5 28.Rxe5 Qxe5 29.b6 Rxd2
30.Nd4 Nd7 31.b7 Nb8 32.Qc3 Rd3 33.Qc1 Qg5 34.Bxe4 Qxe3+ 35.Qxe3 Rxe3 36.Bf5 g6
37.Bc8 Rd8 38.Kf2 Ra3 39.Nf3 Rdd3 40.Ne1 Rd2+ 41.Kg1 Raa2 42.h4 a4 43.Bh3 Rab2  0-1

[Event "Open"]
[Site "Liberec CZE"]
[Date "2009.10.28"]
[Round "6"]
[White "Latas,B"]
[Black "Klecker,T"]
[Result "1/2-1/2"]
[WhiteElo "2293"]
[BlackElo "2147"]

1.g3 d5 2.Nf3 c5 3.Bg2 Nc6 4.O-O e5 5.d3 Nf6 6.e4 dxe4 7.dxe4 Qxd1 8.Rxd1 Nd4
9.Nxd4 cxd4 10.Bg5 h6 11.Bd2 Be6 12.c3 Bc5 13.cxd4 Bxd4 14.Bc3 Bxc3 15.Nxc3 Ke7
16.Rd2  1/2-1/2

[Event "World Seniors"]
[Site "Condino ITA"]
[Date "2009.10.29"]
[Round "3"]
[White "Estrada Martinez,C"]
[Black "Mishuchkov,N"]
[Result "0-1"]
[WhiteElo "2175"]
[BlackElo "2379"]

1.Nf3 d5 2.g3 Nf6 3.Bg2 g6 4.c4 dxc4 5.Qa4+ c6 6.Qxc4 Bg7 7.O-O O-O 8.d4 Bf5
9.Nc3 Nbd7 10.Bf4 Ne4 11.Nxe4 Bxe4 12.Rfd1 Qa5 13.Ng5 Nb6 14.Qc3 Qxc3 15.bxc3 Bxg2
16.Kxg2 Na4 17.Rdc1 c5 18.Nf3 Rac8 19.Be5 Bh6 20.Bf4 Bg7 21.Be5 Bh6 22.Bf4 Bxf4
23.gxf4 Rfd8 24.Rab1 Rc7 25.e3 cxd4 26.cxd4 Rdc8 27.Rxc7 Rxc7 28.Ne5 b6 29.Rb4 Nc3
30.a3 f6 31.Rc4 Rxc4 32.Nxc4 Kf7 33.f3 Ke6 34.e4 f5 35.d5+ Kd7 36.Nd2 Ne2
37.Kf2 Nxf4 38.Ke3 Ng2+ 39.Kf2 Nf4 40.Ke3 g5 41.Nc4 fxe4 42.fxe4 Ng6 43.e5 e6
44.Kd4 exd5 45.Kxd5 Ne7+ 46.Ke4 Ke6 47.a4 Nc6 48.h3 h6 49.Nd6 Nxe5 50.Nf5 Nd7
51.Nd4+ Kf6 52.Kd5 Ne5 53.Nb5 a6 54.Nc7 h5 55.Ke4 h4 56.Nd5+ Ke6 57.Nxb6 g4
58.Nd5 gxh3 59.Nf4+ Kd6 60.Nxh3 Nd7 61.Nf4 Nc5+ 62.Kf3 Nxa4 63.Nd3 Nc5  0-1

[Event "World Seniors"]
[Site "Condino ITA"]
[Date "2009.10.29"]
[Round "3"]
[White "Clemens,C"]
[Black "Blaushtain,B"]
[Result "1-0"]
[WhiteElo "2331"]
[BlackElo "2155"]

1.Nf3 d5 2.g3 c5 3.Bg2 Nc6 4.d4 e6 5.O-O Nf6 6.c4 b6 7.Nc3 Be7 8.Ne5 Bb7
9.Qa4 Rc8 10.cxd5 exd5 11.Bh3 Rc7 12.Nb5 O-O 13.Nxc7 Qxc7 14.Nxc6 Bxc6 15.Qc2 c4
16.Bf4 Qb7 17.b3 b5 18.a4 a6 19.axb5 axb5 20.bxc4 dxc4 21.f3 Nd5 22.Bd2 c3
23.Bxc3 Ne3 24.Qd2 Nxf1 25.Bxf1 b4 26.Bb2 f5 27.Bh3 b3 28.Qd3 g6 29.g4 f4
30.g5 Bd5 31.Ra6 Bxg5 32.Be6+ Kg7 33.Rd6 Bxe6 34.d5+ Kh6 35.dxe6 Be7 36.Ra6 Bc5+
37.Kf1 Qe7 38.Qc3 Rf5 39.Rc6 Be3 40.Rc7 Qf8 41.h4 Rc5 42.e7 Rf5  1-0

[Event "8th TCh-Eur w"]
[Site "Novi Sad SRB"]
[Date "2009.10.30"]
[Round "9"]
[White "Paehtz,E"]
[Black "Sedina,E"]
[Result "1/2-1/2"]
[WhiteElo "2482"]
[BlackElo "2335"]

1.Nf3 d5 2.g3 c6 3.Bg2 Bg4 4.c4 e6 5.O-O Nf6 6.b3 Nbd7 7.Bb2 Bd6 8.d3 O-O
9.Nbd2 Re8 10.h3 Bh5 11.Qc2 a5 12.a3 e5 13.e4 dxe4 14.dxe4 Qb6 15.Bc3  1/2-1/2

[Event "17th TCh-Eur"]
[Site "Novi Sad SRB"]
[Date "2009.10.30"]
[Round "9"]
[White "D'Amore,C"]
[Black "Sebenik,M"]
[Result "0-1"]
[WhiteElo "2489"]
[BlackElo "2489"]

1.Nf3 d5 2.g3 g6 3.Bg2 Bg7 4.d4 Nf6 5.O-O O-O 6.Be3 c6 7.Qc1 Re8 8.c4 dxc4
9.Qxc4 Be6 10.Qc1 Nbd7 11.Rd1 Bd5 12.Nc3 Ne4 13.Nxe4 Bxe4 14.Bh6 Qa5 15.Bxg7 Kxg7
16.Qf4 Qd5 17.Ne1 Bxg2 18.Nxg2 Nf6 19.f3 Rad8 20.e4 Qb5 21.Ne3 h6 22.d5 cxd5
23.e5 Ng8 24.e6 fxe6 25.Qe5+ Nf6 26.Nc2 Qb6+ 27.Nd4 Rc8 28.Rd2 Kf7 29.Re1 Qd6
30.Qxe6+ Qxe6 31.Nxe6 Rc4 32.h4 Rec8 33.Ree2 R4c6 34.Nf4 e6 35.Nd3 Nd7 36.f4 Rc4
37.Kf2 Kf6 38.Kf3 h5 39.Rh2 a5 40.Rhe2 b6 41.Rg2 e5 42.fxe5+ Nxe5+ 43.Nxe5 Kxe5
44.Rge2+ Kd6 45.Kg2 a4 46.Rf2 R8c6 47.Rf6+ Kc5 48.Rf8 Rd6 49.Kf2 d4 50.Ke2 d3+
51.Ke3 Rg4 52.Kf2 Re4 53.Rf3 Kc4 54.a3 Re5 55.Kg2 b5 56.Rf4+ Rd4 57.Rf6 Re2+
58.Rxe2 dxe2 59.Re6 Rd2 60.Kf2 Rxb2 61.Rxg6 b4 62.axb4 a3 63.Ra6 a2 64.b5 Kxb5  0-1

[Event "WJun Girls"]
[Site "Puerto Madryn ARG"]
[Date "2009.10.30"]
[Round "9"]
[White "Gomes,Mary"]
[Black "Congiu,M"]
[Result "0-1"]
[WhiteElo "2396"]
[BlackElo "2149"]

1.Nf3 d5 2.g3 Nf6 3.Bg2 Bf5 4.O-O e6 5.d3 h6 6.Nbd2 Be7 7.b3 O-O 8.Bb2 c5
9.e3 Nc6 10.Qe2 Bh7 11.e4 Nb4 12.Ne1 b5 13.c4 bxc4 14.bxc4 Rb8 15.Be5 Rb6
16.f4 Ra6 17.Nb3 dxc4 18.dxc4 Nd7 19.Bc3 Qc7 20.Nf3 Rd8 21.Rfd1 Nf6 22.Rxd8+ Qxd8
23.Bxb4 cxb4 24.Nfd4 Bc5 25.Rd1 Rd6 26.Qd3 Bxd4+ 27.Nxd4 Nd7 28.Qd2 e5 29.fxe5 Nxe5
30.c5 Rd7 31.Qxb4 Nc6 32.Nxc6 Rxd1+ 33.Bf1 Qe8 34.Nxa7 Bxe4 35.Kf2 Rxf1+
36.Kxf1 Bd3+ 37.Kf2 Qe2+  0-1

[Event "World Seniors"]
[Site "Condino ITA"]
[Date "2009.10.31"]
[Round "5"]
[White "Clemens,C"]
[Black "Estrada Martinez,C"]
[Result "0-1"]
[WhiteElo "2331"]
[BlackElo "2175"]

1.Nf3 d5 2.g3 Nf6 3.Bg2 g6 4.d4 Bg7 5.O-O O-O 6.c4 dxc4 7.Na3 c3 8.bxc3 c5
9.e3 Bf5 10.Ne5 Qc8 11.Re1 Nc6 12.Nac4 Nxe5 13.dxe5 Nd7 14.f4 Nb6 15.Na5 Rb8
16.e4 Be6 17.c4 Nxc4 18.Nxc4 Bxc4 19.Be3 b6 20.a4 Rd8 21.Qc1 Be6 22.Qc2 c4
23.a5 Qc7 24.Rac1 b5 25.Qf2 Qxa5 26.Rf1 c3 27.f5 Bc4 28.Ra1 Qc7 29.e6 Rf8
30.Rxa7 Rb7 31.Rxb7 Qxb7 32.e5 Qc7 33.f6 fxe6 34.Bf4 exf6 35.exf6 e5 36.fxg7 Qxg7
37.Bxe5 Rxf2 38.Bxg7 Rxg2+  0-1

[Event "WJun"]
[Site "Puerto Madryn ARG"]
[Date "2009.10.31"]
[Round "10"]
[White "Vocaturo,D"]
[Black "Lenderman,A"]
[Result "0-1"]
[WhiteElo "2510"]
[BlackElo "2542"]

1.Nf3 d5 2.g3 Bg4 3.Bg2 c6 4.O-O Nd7 5.c4 Bxf3 6.Bxf3 Ne5 7.Qb3 Nxf3+ 8.exf3 Qd7
9.cxd5 cxd5 10.d3 e6 11.Nc3 Ne7 12.Re1 Nc6 13.Qxd5 Qxd5 14.Nxd5 O-O-O 15.Nf4 Nd4
16.Rd1 Nxf3+ 17.Kg2 Nd4 18.Be3 Kb8 19.Rac1 g6 20.Kf1 Bg7 21.b3 Rd7 22.Bxd4 Bxd4
23.Ke2 Rhd8 24.Rc4 Bb6 25.Ng2 e5 26.Ne3 f5 27.f3 h5 28.Ng2 g5 29.Ne3 Rf7
30.Rf1 f4 31.Ng2 Rdf8 32.Ne1 g4 33.Re4 Rf5 34.gxf4 exf4 35.Ng2 h4 36.d4 R5f6
37.Rh1 Bc7 38.h3 gxf3+ 39.Kxf3 Rc6 40.Rhe1 Rc3+ 41.Kf2 Rc2+ 42.Kf3 Rc8 43.Nxf4 Rxa2
44.Re8 Rd2 45.R1e4 Bxf4 46.Kxf4 Rxe8 47.Rxe8+ Kc7 48.Re4 Rd3 49.Ke5 Rxh3
50.b4 Rh1 51.Ke6 h3 52.d5 Rc1 53.Re2 Kd8 54.Rf2 Re1+ 55.Kf6 Kd7 56.Rh2 Re3
57.Kg5 Kd6 58.Kg4 Rb3 59.Ra2 a6  0-1

[Event "III It"]
[Site "Sitges ESP"]
[Date "2009.11.01"]
[Round "9"]
[White "Ayas Fernandez,A"]
[Black "Oms Fuentes,L"]
[Result "1/2-1/2"]
[WhiteElo "2340"]
[BlackElo "2370"]

1.Nf3 d5 2.g3 c5 3.Bg2 Nc6 4.d4 Nf6 5.O-O e6 6.c4 cxd4 7.Nxd4 Be7 8.Nc3 O-O
9.Bg5 h6 10.Bxf6 Bxf6 11.Nxc6 bxc6 12.Qa4 Qb6  1/2-1/2

[Event "13th OIBM"]
[Site "Bad Wiessee GER"]
[Date "2009.11.02"]
[Round "3"]
[White "Hornung,H"]
[Black "Welling,G"]
[Result "0-1"]
[WhiteElo "2152"]
[BlackElo "2372"]

1.Nf3 d5 2.g3 c6 3.Bg2 Nf6 4.d3 Bg4 5.Nbd2 Nbd7 6.h3 Bh5 7.e3 h6 8.Qe2 e5
9.g4 Bg6 10.Nh4 Bh7 11.Nf5 Qa5 12.c3 O-O-O 13.e4 Qa6 14.Nb3 Bxf5 15.exf5 Bd6
16.Be3 Rde8 17.O-O e4 18.Nc1 Ne5 19.dxe4 Qxe2 20.Nxe2 Nxe4 21.b3 Bc5 22.Bxe4 Bxe3
23.Bg2 Bb6 24.Ng3 g6 25.Rad1 h5 26.fxg6 fxg6 27.gxh5 gxh5 28.Kh1 h4 29.Nf5 Bc7
30.f4 Ng6 31.c4 Nxf4 32.cxd5 Nxd5 33.Bxd5 cxd5 34.Rxd5 Re2 35.Nd6+ Kb8 36.Rf7 Rxa2
37.b4 Rg8 38.b5 Ra1+ 39.Kh2 Rag1 40.Rf8+ Rxf8 41.Kxg1 Rd8  0-1

[Event "13th OIBM"]
[Site "Bad Wiessee GER"]
[Date "2009.11.02"]
[Round "4"]
[White "Kempter,R"]
[Black "Graf,C"]
[Result "1/2-1/2"]
[WhiteElo "2287"]
[BlackElo "2139"]

1.Nf3 d5 2.g3 Nf6 3.Bg2 c6 4.O-O Bg4 5.d3 Nbd7 6.c4 e6 7.cxd5 exd5 8.Qc2 Be7
9.Nc3 O-O 10.e4 dxe4 11.dxe4 Nb6 12.h3 Bh5 13.Bf4 Qc8 14.Kh2 Bg6 15.Ne5 Qe6
16.Nxg6 hxg6 17.Rad1 Rad8 18.b3 Rxd1 19.Rxd1 Rd8 20.Rxd8+ Bxd8 21.Qd3 Qd7
22.Qxd7 Nfxd7 23.Bd6 Nc8 24.Ba3 Be7 25.Bc1 g5 26.Bf1  1/2-1/2

[Event "World Seniors"]
[Site "Condino ITA"]
[Date "2009.11.02"]
[Round "6"]
[White "Malisov,B"]
[Black "Klovans,J"]
[Result "1/2-1/2"]
[WhiteElo "2377"]
[BlackElo "2408"]

1.Nf3 d5 2.g3 Nf6 3.Bg2 e6 4.O-O Be7 5.d3 c5 6.Nbd2 Nc6 7.e4 O-O 8.Re1 b5
9.b3 Bb7 10.exd5 exd5 11.a4 a6 12.Bb2 Qd7 13.Ne5 Nxe5 14.Rxe5 Bd6 15.Re1 d4
16.Bxb7 Qxb7 17.axb5 axb5 18.b4 Rxa1 19.Bxa1 Qd5 20.bxc5 Bxc5 21.Qf3 Bb4
22.Ne4 Nd7 23.Rb1 Ba5 24.Bb2 Rc8 25.Ra1 Bb6 26.Nd2 Qxf3 27.Nxf3 f6 28.Nxd4 Bxd4
29.Bxd4 Rxc2 30.Rb1 Nc5 31.Be3  1/2-1/2

[Event "World Seniors"]
[Site "Condino ITA"]
[Date "2009.11.02"]
[Round "6"]
[White "Gutman,L"]
[Black "Andersson,Ka"]
[Result "1-0"]
[WhiteElo "2457"]
[BlackElo "2092"]

1.Nf3 d5 2.g3 Nf6 3.Bg2 c6 4.O-O Bf5 5.d3 e6 6.Be3 Be7 7.c4 dxc4 8.dxc4 Qxd1
9.Rxd1 h6 10.Nc3 O-O 11.Nd4 Bg6 12.Nb3 Bc2 13.Rd2 Bxb3 14.axb3 a5 15.Ne4 Nxe4
16.Bxe4 Rd8 17.b4 a4 18.Rxd8+ Bxd8 19.b3 a3 20.Ra2 Be7 21.c5 Bf6 22.Bc1 Na6
23.Rxa3 Rd8 24.Bf4 e5 25.Be3 Nxb4 26.Ra7 Rb8 27.Bd2 Nd5 28.Ba5 Be7 29.b4 Nc3
30.Bd3 Bd8 31.Bxd8 Rxd8 32.Rxb7 g6 33.Bc4 Rf8 34.Rc7 Rb8 35.Bxf7+ Kg7 36.Bc4+ Kf8
37.f3 Rxb4 38.Bd3 e4 39.fxe4 Nxe4 40.Rxc6  1-0

[Event "Russia Cup"]
[Site "St Petersburg RUS"]
[Date "2009.11.03"]
[Round "1.1"]
[White "Savchenko,B"]
[Black "Deviatkin,A"]
[Result "1-0"]
[WhiteElo "2644"]
[BlackElo "2608"]

1.Nf3 d5 2.g3 c6 3.Bg2 Bg4 4.c4 e6 5.h3 Bxf3 6.Bxf3 Nd7 7.Bg2 Bd6 8.b3 Ne7
9.O-O O-O 10.e3 Be5 11.d4 Bd6 12.Nd2 f5 13.Nf3 Nf6 14.Ne5 Ne4 15.Kh2 Ng6
16.Bb2 Qc7 17.cxd5 exd5 18.f3 Nf6 19.f4 Ne4 20.Rc1 Qe7 21.Bc3 Rad8 22.Ba5 Rde8
23.Nd3 Nxg3 24.Kxg3 Qxe3+ 25.Rf3 Qxd4 26.Bc3 Qe4 27.Qg1 Nxf4 28.Nxf4 g5 29.Rcf1 Be5
30.Kh2 gxf4 31.Re1 Bd4 32.Qf1 Bxc3 33.Rxe4 fxe4 34.Rxc3 f3 35.Qg1 fxg2 36.Rg3+ Kf7
37.Qxa7 Re7 38.Kxg2 Rfe8 39.Qd4 Ke6 40.b4 Kd7 41.Kf2 e3+ 42.Ke2 Ra8 43.Rxe3 Rxa2+
44.Kf3 Rf7+ 45.Kg3 Ra8 46.Qe5 Rg8+ 47.Kh4 Rgf8 48.b5 Rf4+ 49.Kg3 Re4 50.Rxe4 dxe4
51.Qg7+ Ke8 52.Qxh7 e3 53.Qxb7 e2 54.Qxc6+ Kd8 55.Qd6+  1-0

[Event "Russia Cup"]
[Site "St Petersburg RUS"]
[Date "2009.11.03"]
[Round "1.1"]
[White "Khairullin,I"]
[Black "Krapivin,A"]
[Result "0-1"]
[WhiteElo "2613"]
[BlackElo "2500"]

1.Nf3 d5 2.g3 e6 3.Bg2 Nf6 4.O-O Be7 5.d4 O-O 6.c4 c6 7.Qc2 b6 8.Nbd2 Bb7
9.e4 dxe4 10.Nxe4 Nbd7 11.Rd1 Nxe4 12.Qxe4 Qc7 13.Bf4 Bd6 14.Bxd6 Qxd6 15.c5 Qe7
16.b4 a5 17.a3 Rfd8 18.Ne5 Nxe5 19.Qxe5 axb4 20.axb4 b5 21.h4 Qd7 22.Bf3 h6
23.Rab1 Ra3 24.Kg2 Ra2 25.Be4 Kf8 26.g4 f6 27.Qf4 Kg8 28.Rd3 Rc2 29.g5 f5
30.Bf3 Kh7 31.Bd1 Rc4 32.Bb3 Rxd4 33.Bxe6 Rxf4 34.Bxd7 Bc8 35.g6+ Kxg6 36.Rd6+ Kh5
37.Bxc6 Rxd6 38.cxd6 Rd4 39.Rc1 Rxd6 40.Bxb5 Bb7+ 41.f3 f4 42.Be2 Rd2 43.Kf1 Rb2
44.b5 Rb3 45.Kg2 Rb2 46.Kf2 Bd5 47.Rc3 Kxh4 48.Rc5 Be6 49.Rc7 Bf5 50.Ke1 g5
51.Rc5 Bh3 52.Rc6 h5 53.b6 g4 54.fxg4 hxg4 55.Rf6 Kg3 56.Ba6 Bg2 57.Kd1 Be4
58.Re6 Kf3 59.Kc1 Rc2+ 60.Kd1 Rb2 61.Kc1 Rb4 62.Kd2 g3 63.Kc3 g2  0-1

[Event "World Seniors"]
[Site "Condino ITA"]
[Date "2009.11.04"]
[Round "8"]
[White "Jacobsen,Bo"]
[Black "Chernikov,O1"]
[Result "1/2-1/2"]
[WhiteElo "2321"]
[BlackElo "2405"]

1.Nf3 d5 2.g3 g6 3.Bg2 Bg7 4.O-O Nf6 5.d3 O-O 6.Nbd2 Re8 7.e4 e5 8.Re1 Nc6
9.c3 h6 10.Qc2 Rb8 11.b4 a6 12.Bb2 dxe4 13.dxe4 Be6 14.a3 Nd7 15.Rad1 Qe7
16.Nf1 Na7 17.Ne3 c6 18.c4 Rbd8 19.c5  1/2-1/2

[Event "USCL 2009"]
[Site "ICC INT"]
[Date "2009.11.04"]
[Round "10"]
[White "Altounian,L"]
[Black "Lugo,Bl"]
[Result "1/2-1/2"]
[WhiteElo "2454"]
[BlackElo "2380"]

1.Nf3 d5 2.g3 c6 3.Bg2 Bg4 4.O-O Nd7 5.d4 e6 6.Nbd2 Ngf6 7.Re1 Be7 8.e4 dxe4
9.Nxe4 Nxe4 10.Rxe4 Nf6 11.Re1 O-O 12.h3 Bh5 13.c3 a5 14.Qb3 Qc8 15.a4 Nd5
16.Ne5 Bd6 17.Bd2 Rd8 18.h4 Qc7 19.Rac1 f6 20.Nf3 Bf7 21.c4 Nb4 22.c5 Bf8
23.Bxb4 axb4 24.Qxb4 Rdb8 25.Bh3 b6 26.Bxe6 bxc5 27.Qc3 Rxa4 28.dxc5 Rab4
29.Nd4 Rxb2 30.Bxf7+ Qxf7 31.Nxc6 R8b3 32.Qd4 Qc7 33.Qd5+ Kh8 34.Re8 Rxg3+
35.Kf1 Rxf2+ 36.Kxf2 Qf4+ 37.Ke2 Qg4+ 38.Kd2 Qf4+ 39.Kc2 Qa4+ 40.Kd2 Qf4+
41.Ke2 Qg4+ 42.Kd2 Qf4+  1/2-1/2

[Event "13th OIBM"]
[Site "Bad Wiessee GER"]
[Date "2009.11.05"]
[Round "7"]
[White "Weber,U"]
[Black "Weidlich,G"]
[Result "1-0"]
[WhiteElo "2407"]
[BlackElo "2195"]

1.Nf3 d5 2.g3 Nf6 3.Bg2 Bf5 4.d3 h6 5.O-O e6 6.c4 c6 7.Nc3 Nbd7 8.cxd5 cxd5
9.e4 dxe4 10.dxe4 Bxe4 11.Nxe4 Nxe4 12.Nd4 Nd6 13.Bf4 e5 14.Nf3 Be7 15.Nxe5 Nxe5
16.Bxe5 O-O 17.Qd4 f6 18.Bf4 Nf7 19.Qe4 Nd6 20.Qe6+ Kh8 21.Rad1  1-0

[Event "13th OIBM"]
[Site "Bad Wiessee GER"]
[Date "2009.11.05"]
[Round "7"]
[White "Egger,T"]
[Black "Welling,G"]
[Result "0-1"]
[WhiteElo "2216"]
[BlackElo "2372"]

1.Nf3 d5 2.g3 c6 3.Bg2 Bg4 4.d3 Nd7 5.c4 Bxf3 6.exf3 dxc4 7.dxc4 Ne5 8.Qb3 Nd3+
9.Ke2 Nc5 10.Qc2 Ne6 11.Be3 Nd4+ 12.Bxd4 Qxd4 13.Rd1 Qe5+ 14.Kf1 Nf6 15.Nd2 e6
16.Re1 Qc7 17.Rad1 Bb4 18.a3 Bxd2 19.Qxd2 O-O 20.Re3 Rad8 21.Rd3 Rxd3 22.Qxd3 Qe5
23.Qd4 Qxd4 24.Rxd4 Rc8 25.f4 Kf8 26.Ke2 Ke7 27.Bf3 c5 28.Rd2 b6 29.Kd1 Ne8
30.Kc2 Nd6 31.Kc3 Rd8 32.Bg2 g6 33.Bc6 Nf5 34.Rxd8 Kxd8 35.Be4 Nd4 36.b4 Ke7
37.b5 h6 38.h4 f5 39.Bg2 Kf6 40.Kd3 g5 41.hxg5+ hxg5 42.fxg5+ Kxg5 43.Bh3 e5
44.a4 e4+ 45.Ke3 Nf3 46.g4 Ng1 47.gxf5 Nxh3 48.Kxe4 Nxf2+ 49.Ke5 Ng4+ 50.Kd6 Kxf5
51.a5 Ne3 52.a6 Nxc4+ 53.Kc7 Na3 54.Kb7 Nxb5 55.Kc6 c4  0-1

[Event "13th OIBM"]
[Site "Bad Wiessee GER"]
[Date "2009.11.06"]
[Round "8"]
[White "Telljohann,S"]
[Black "Van den Bersselaar,J"]
[Result "1-0"]
[WhiteElo "2403"]
[BlackElo "2184"]

1.Nf3 d5 2.g3 Nf6 3.Bg2 c6 4.O-O Bf5 5.d3 e6 6.c4 Be7 7.Be3 dxc4 8.dxc4 Qxd1
9.Rxd1 Na6 10.Nc3 O-O 11.Nh4 Bc5 12.Nxf5 exf5 13.Bxc5 Nxc5 14.b4 Nce4 15.Bxe4 fxe4
16.Rd4 Rfe8 17.e3 h5 18.h3 a6 19.a4 Re5 20.a5 c5 21.bxc5 Rxc5 22.Nxe4 Nxe4
23.Rxe4 Rac8 24.Ra4 Kf8 25.Kf1 Rf5 26.Rf4 Re5 27.Rd4 Ke7 28.Ke2 f5 29.f4 Re6
30.Rb4 Rc7 31.Rd5 Kf6 32.c5 g6 33.Kd3 Kf7 34.Rb6 Re8 35.Rbd6  1-0

[Event "TCh-AUT 2009-10"]
[Site "Jenbach AUT"]
[Date "2009.11.06"]
[Round "1"]
[White "Vitouch,A"]
[Black "Boensch,U"]
[Result "1/2-1/2"]
[WhiteElo "2288"]
[BlackElo "2511"]

1.Nf3 d5 2.g3 Bg4 3.Bg2 Nd7 4.c4 dxc4 5.Na3 c6 6.Nxc4 Bxf3 7.Bxf3 e6 8.d4 Nb6
9.b3 Bb4+ 10.Bd2 Bxd2+ 11.Qxd2 Ne7 12.O-O O-O 13.Rfd1 Qc7 14.Rac1 Rfd8 15.Qb2 Ned5
16.Ne5 Qe7 17.e3 Rac8 18.Nd3 Nd7 19.b4 Rc7 20.b5 Nb8 21.a4 h6 22.Ne5 Rdc8
23.bxc6 Nxc6 24.Nxc6 Rxc6 25.Rxc6 Rxc6 26.Bxd5 exd5 27.Qb5 Qd7 28.Rb1 Rc7
29.Qxd7 Rxd7 30.Rb5 Kf8 31.Kf1 Ke7 32.Ke2 Kd6 33.Kd3 b6 34.Rb1 Kc6 35.f3 f5
36.Rc1+ Kb7 37.e4 fxe4+ 38.fxe4 dxe4+ 39.Kxe4 Rc7 40.Rf1 Kc6 41.Rf8 Re7+
42.Kd3 Rd7 43.Ke4  1/2-1/2

[Event "13th OIBM"]
[Site "Bad Wiessee GER"]
[Date "2009.11.07"]
[Round "9"]
[White "Deglmann,L"]
[Black "Meins,G"]
[Result "0-1"]
[WhiteElo "2329"]
[BlackElo "2484"]

1.g3 d5 2.Nf3 c6 3.c4 Bg4 4.Bg2 e6 5.O-O Nf6 6.d3 dxc4 7.dxc4 Qxd1 8.Rxd1 Nbd7
9.h3 Bf5 10.Nc3 h6 11.Bf4 g5 12.Bd6 Bxd6 13.Rxd6 Ke7 14.Rd2 Rhd8 15.Rad1 Ne4
16.Nxe4 Bxe4 17.Nd4 Nc5 18.f3 e5 19.b4 Na4 20.Nb3 Bc2 21.Rc1 Bxb3 22.Rxd8 Rxd8
23.axb3 Nb2 24.f4 exf4 25.gxf4 Rd1+ 26.Rxd1 Nxd1 27.fxg5 hxg5 28.Be4 Ke6
29.Bc2 Nc3 30.Kf2 Ke5 31.Ke3 b6 32.Bd3 a6 33.Kf3 b5 34.cxb5 cxb5 35.Kg4 f6
36.Bf5 Nd5 37.Bd7 Nxb4 38.Bc8 Ke4 39.Bb7+ Ke5 40.Bc8 Ke4 41.Bb7+ Kd4 42.Kf5 a5
43.Bc8 a4 44.bxa4 bxa4 45.Be6 Nd5 46.e4 Nf4  0-1

[Event "World Seniors"]
[Site "Condino ITA"]
[Date "2009.11.07"]
[Round "11"]
[White "Clemens,C"]
[Black "Anguera Maestro,J"]
[Result "1-0"]
[WhiteElo "2331"]
[BlackElo "2235"]

1.g3 d5 2.Nf3 Nf6 3.Bg2 g6 4.O-O Bg7 5.d4 O-O 6.c4 c6 7.b3 Bf5 8.Bb2 Qc8
9.Re1 Be4 10.Nc3 e6 11.Rc1 Qd8 12.Nxe4 Nxe4 13.Ne5 f6 14.Nd3 f5 15.f3 Nf6
16.e4 Nbd7 17.Nf4 Re8 18.cxd5 exd5 19.exf5 Nf8 20.fxg6 Nxg6 21.Ne6 Qd6 22.Nxg7 Kxg7
23.Qd2 Rxe1+ 24.Rxe1 Re8 25.Rxe8 Nxe8 26.Qe1 Qd7 27.Ba3 Nc7 28.h4 Qe6 29.Qxe6 Nxe6
30.Bb2 Ne7 31.Bh3 Kf6 32.Kf2 Nf5 33.Bxf5 Kxf5 34.g4+ Kg6 35.h5+ Kf7 36.Kg3 b6
37.f4 c5 38.dxc5 bxc5 39.Kf3 Nd8 40.g5 Ne6 41.Kg4 d4 42.f5 Nc7 43.Kf4 Nd5+
44.Ke4 Nb6 45.Ba3 Nd7 46.b4 d3 47.Kxd3 Ne5+ 48.Kc3 cxb4+ 49.Kxb4 Nf3 50.g6+ hxg6
51.fxg6+ Kg7 52.Kb5 Nd4+ 53.Ka6 Nc2 54.Bb2+ Kh6  1-0

[Event "48th XtraCon TCh-DEN 2009-10"]
[Site "Denmark DEN"]
[Date "2009.11.07"]
[Round "1"]
[White "Ligaard,M"]
[Black "Jensen,Bjark"]
[Result "0-1"]
[WhiteElo "2240"]
[BlackElo "2253"]

1.Nf3 d5 2.g3 Nf6 3.Bg2 c5 4.O-O Nc6 5.d4 e6 6.c4 dxc4 7.Ne5 Qb6 8.dxc5 Bxc5
9.Nxc6 bxc6 10.Nd2 Ba6 11.Qc2 c3 12.Nb3 O-O 13.Qxc3 Bb4 14.Qc2 Nd5 15.Rd1 Be7
16.e4 Nb4 17.Qc3 Rfd8 18.Be3 Rxd1+ 19.Rxd1 Nxa2 20.Qc2 Nb4 21.Qc3 Rd8 22.Ra1 Qb8
23.Bc5 Bxc5 24.Nxc5 Bc8 25.e5 Qb6 26.Be4 a5 27.Kg2 h6 28.Nb3 Ba6 29.Nxa5 Bd3
30.Bf3 Nd5 31.Bxd5 Rxd5 32.b4 Bb5 33.Nb3 Rd3 34.Ra8+ Kh7 35.Qc2 g6 36.Nc5 Rd4
37.Ne4 Kg7 38.Nf6 Rd8 39.Ne8+ Rxe8 40.Rxe8 c5 41.Re7 Kf8 42.Rxe6 fxe6 43.bxc5 Qb7+
44.f3 Kg7 45.Qd2 Bc6 46.Qf4 Qf7 47.Qe3 Qf5 48.Qc3 g5 49.Qe3 g4  0-1

[Event "Frauenbundesliga 2009-10"]
[Site "Germany GER"]
[Date "2009.11.07"]
[Round "1"]
[White "Anisheva,V"]
[Black "Klink,Ta"]
[Result "0-1"]
[WhiteElo "2155"]
[BlackElo "2289"]

1.Nf3 d5 2.g3 c5 3.Bg2 Nf6 4.O-O e6 5.d3 Be7 6.Nbd2 O-O 7.e4 b6 8.e5 Nfd7
9.Re1 Nc6 10.Nf1 Qc7 11.Bf4 d4 12.h4 Bb7 13.a3 b5 14.h5 Nb6 15.Qe2 c4 16.N1h2 Rac8
17.Ng4 Rfd8 18.Ng5 cxd3 19.Qxd3 Bxg5 20.Bxg5 Ne7 21.Be4 Bxe4 22.Rxe4 Rd5
23.h6 f5 24.exf6 Rxg5 25.hxg7 Nf5 26.Rxe6 h5 27.Ne5 Nxg7 28.Re7 Qxc2 29.Qxc2 Rxc2
30.f7+ Kf8 31.Nf3 Rxg3+ 32.fxg3 Kxe7 33.Ng5 Nd7 34.Re1+ Kf6 35.Nf3 Kxf7 36.Nxd4 Rxb2
37.Nc6 Ne6 38.Nxa7 Nd4 39.Re3 Ne5 40.Kf1 Nc4 41.Rd3 Nc2 42.Rd7+ Kg6 43.Nc6 N2xa3
44.Ne7+ Kg5 45.Rd5+ Kg4 46.Rd4+ Kf3 47.Rd3+ Ne3+ 48.Kg1 Nc4 49.Nd5 Ke4 50.Nf4 Ne5  0-1

[Event "TCh-AUT 2009-10"]
[Site "Jenbach AUT"]
[Date "2009.11.07"]
[Round "2"]
[White "Bawart,M"]
[Black "Hartl,D"]
[Result "1/2-1/2"]
[WhiteElo "2399"]
[BlackElo "2253"]

1.Nf3 d5 2.g3 Nf6 3.Bg2 c6 4.O-O Bg4 5.d3 Nbd7 6.Nbd2 e5 7.h3 Bh5 8.e4 dxe4
9.dxe4 Bc5 10.Qe2 Qc7 11.a4 a5 12.Nb3 Bb6 13.Qc4 O-O 14.Nh4 Rfe8 15.Bg5 Qd6
16.Nf5 Qf8 17.Rfe1 Bg6 18.Nh4 Nc5 19.Bxf6 gxf6 20.Nxc5 Bxc5 21.Rad1 Rad8
22.Bf3 Qe7 23.Kg2 Ba7 24.Bg4 Rxd1 25.Rxd1 Rd8 26.Rxd8+ Qxd8 27.Qe2 Qd4 28.Nxg6 hxg6
29.b3 b5 30.Qe3 Qxe3 31.fxe3 bxa4 32.bxa4 Bxe3 33.Bd7 c5 34.Kf3 Bd4  1/2-1/2

[Event "48th XtraCon TCh-DEN 2009-10"]
[Site "Denmark DEN"]
[Date "2009.11.08"]
[Round "2"]
[White "Ligaard,M"]
[Black "Tudvad,M"]
[Result "1-0"]
[WhiteElo "2240"]
[BlackElo "1919"]

1.Nf3 d5 2.g3 Nf6 3.Bg2 Nbd7 4.c4 c6 5.d4 dxc4 6.a4 Nb6 7.a5 Nbd5 8.Ne5 Bf5
9.Nxc4 e6 10.O-O Bg6 11.a6 b6 12.Ne5 Rc8 13.Nc3 Bd6 14.Nxg6 hxg6 15.e4 Nxc3
16.bxc3 e5 17.f4 exd4 18.e5 Bc5 19.exf6 dxc3+ 20.Kh1 gxf6 21.Qxd8+ Kxd8 22.Rd1+ Kc7
23.Ba3 Bxa3 24.Rxa3 c2 25.Rf1 Rhd8 26.Rc3 Rd2 27.Be4 Rd1 28.Kg1 Rd4 29.Rxc6+ Kb8
30.Rxc8+ Kxc8 31.Bxc2 b5 32.Re1 Kd7 33.Bb3  1-0

[Event "TCh-FIN 2009-10"]
[Site "Finland FIN"]
[Date "2009.11.15"]
[Round "5"]
[White "Makinen,I"]
[Black "Nokso Koivisto,An"]
[Result "1-0"]
[WhiteElo "2172"]
[BlackElo "2188"]

1.Nf3 d5 2.g3 Nf6 3.Bg2 e6 4.O-O Be7 5.d3 O-O 6.Nbd2 c5 7.c4 Nc6 8.a3 e5
9.cxd5 Nxd5 10.Nc4 Bf6 11.Ne3 Be6 12.Qa4 Qd7 13.Rd1 Rfd8 14.Nxd5 Bxd5 15.Be3 b6
16.Rd2 h6 17.Rc1 Rac8 18.Rb1 Qe6 19.b4 c4 20.dxc4 Bxc4 21.Rxd8+ Rxd8 22.Nd2 Bd5
23.Rc1 Bxg2 24.Kxg2 Qd5+ 25.Nf3 Rd6 26.Qa6 e4 27.Nd2 Nd4 28.Rc8+ Kh7 29.Qc4 Qf5
30.Rc7 b5 31.Qxf7 Nxe2 32.Rc5 Qg4 33.h3 Qd7 34.Qxd7 Rxd7 35.Rxb5 Bb2 36.Ra5 Nd4
37.Nc4 Bc3 38.Ne5 Rb7 39.Rc5 Bb2 40.Nc4 Ba1 41.Nd6 Re7 42.Rc4 Nf3 43.Rxe4 Ne1+
44.Kf1 Rxe4 45.Nxe4 Nc2 46.Bxa7 Nxa3 47.Bc5 Nb5 48.Ke2 Kg6 49.Kd3 Kf5 50.Nd6+ Nxd6
51.Bxd6 Ke6 52.Bf4 Kd5 53.Bd2 Bd4 54.f3 Bf2 55.g4 Bh4 56.Be3 Bd8 57.b5 Bh4
58.b6 Kc6 59.Ke4  1-0

[Event "TCh-FIN 2009-10"]
[Site "Finland FIN"]
[Date "2009.11.15"]
[Round "5"]
[White "Seeman,T"]
[Black "Lehtivaara,P"]
[Result "1-0"]
[WhiteElo "2421"]
[BlackElo "2377"]

1.Nf3 d5 2.g3 Nc6 3.d4 Bf5 4.Bg2 e6 5.O-O Nb4 6.Na3 Be7 7.c3 Na6 8.Qb3 Qc8
9.c4 c6 10.Bf4 h6 11.Rac1 Nf6 12.Nb5 Ne4 13.Nh4 Qd7 14.Nxf5 exf5 15.Nc3 dxc4
16.Qxc4 Nxc3 17.Rxc3 O-O 18.d5 cxd5 19.Qxd5 Qxd5 20.Bxd5 Nc5 21.Rfc1 Rad8
22.Bxb7 Nxb7 23.Rc7 Bc5 24.Rxb7 Bb6 25.h4 Rfe8 26.Kf1 Re4 27.h5 Red4 28.Kg2 Rd1
29.Rc2 R1d7 30.Rxd7 Rxd7 31.b4 Kf8 32.a4 Ke7 33.a5 Bd4 34.Rc6 Rb7 35.e3 Bf6
36.Ra6 Kd7 37.Bd6 Bc3 38.Bc5 Bxb4 39.Bxa7 Rb5 40.Bd4 Bxa5 41.Bxg7 f4 42.g4 fxe3
43.fxe3 f5 44.g5 f4 45.exf4 Bc7 46.gxh6 Rxh5 47.Kg3 Rh1 48.Kg4 Bd6 49.Kf5 Rh4
50.Ra7+ Kc6 51.Kg5 Rh1 52.f5 Rg1+ 53.Kf6 Bc5 54.Ra2 Rh1 55.Kg6 Rg1+ 56.Kf7 Rh1
57.Ra1 Rh3 58.Rd1 Bd6 59.Kg8 Bf4 60.h7  1-0